| 000 | 004290000a22001690004500 | ||
|---|---|---|---|
| 003 | MACL | ||
| 005 | 20151229171633.0 | ||
| 008 | 151229b xxu||||| |||| 00| 0 eng d | ||
| 040 |
_aMACL _cMACL |
||
| 041 | _aEnglish | ||
| 082 | _a301.424/ELL | ||
| 100 |
_aEllis, Havelock _923622 |
||
| 245 | _aSex in Relation to Society | ||
| 260 |
_bW M Heinemann _c1946 |
||
| 650 |
_asociology Science _917652 |
||
| 942 |
_cBK _k301.424/Ell _2ddc |
||
| 999 |
_c34835 _d34835 |
||